Statistics for 10 Westernmost Countries in Asia

Click here to take the quiz!

General Stats

  • This quiz has been taken 31,051 times
  • The average score is 9 of 10

Answer Stats

Longitude Country % Correct
25°39'ETurkey
98%
34°15'EIsrael
96%
34°33'ESaudi Arabia
94%
35°30'ESyria
94%
34°55'EJordan
93%
38°50'EIraq
93%
35°06'ELebanon
92%
41°30'EGeorgia
86%
41°49'EYemen
86%
32°16'ECyprus
84%

Score Distribution

Percentile by Number Answered

Percent of People with Each Score

Your Score History

You have not taken this quiz